| 000 | 00676nam a2200241Ia 4500 | ||
|---|---|---|---|
| 008 | 160803s9999 xx 000 0 und d | ||
| 020 | _a9780439744065 | ||
| 100 | _aCapucilli, Alyssa | ||
| 245 | _aBiscuit's picnic / | ||
| 245 | _cstory by Alyssa Satin Capucilli ; pictures by Pat Schories. | ||
| 260 | _aNew York : | ||
| 260 | _bScholastic Inc. | ||
| 260 | _c1998 | ||
| 300 | _a1 volume (unpaged) : | ||
| 300 | _bcolor illustrations ; | ||
| 300 | _c24 cm. | ||
| 500 | _aOriginally published: New York : HarperCollins, 1998. | ||
| 650 | _aDogs -- | ||
| 650 | _aPicnics -- | ||
| 650 | _xJuvenile fiction. | ||
| 650 | _xJuvenile fiction. | ||
| 700 | _a190 | ||
| 999 |
_c298847 _d298847 |
||